| 000 | 00578nam a2200169 a 4500 | ||
|---|---|---|---|
| 005 | 20140412111408.0 | ||
| 008 | 061207s19uu xx 00 eng d | ||
| 020 | _a0-439-87483-1 | ||
| 050 |
_aTR(PS E _bMO74 2006 |
||
| 245 |
_aMonster count : _bare there 5,8,or 10?Don't be scared and count again!. |
||
| 260 |
_aNew York : _bScholastic, _c2006. |
||
| 520 | _aCount the monsters and the wobbly eyes, which magically disapper as you turn each page | ||
| 650 | _aNumbers-Juvenile literature | ||
| 650 | _aToy and movable book | ||
| 650 | _aChildren stories | ||
| 999 |
_c105599 _d105599 |
||